Magyar Album kilencedik kötet

Bibliographic Details
Other Authors: Dalloš, Štefan, 1901-1972 (Editor)
Format: Book
Language:Hungarian
PhysicalDescription:73 s. 23 cm
Published: [Nitra] Híd [1943?]
Subjects:

MARC

LEADER 00000cam a2200000 a 4500
001 vtls008383767
003 SK-MaSNL
005 20260301075458.0
008 250313q1943 xo g 000 m hun
015 |a SNBA19421945-141/3382 
035 |a SK01SNKBKSD220020075984 
035 |a urn:nbn:sk:snk-am3hl5j 
035 |a 3CB1AD64-DC74-47EB-AB4C-A1DA3A5F36A8 
035 |a urn:nbn:sk:snk-am00d48e 
035 |a SKM000078447 
040 |a SNK  |b slo  |c SNK  |e AACR2 
041 0 |a hun 
044 |a xo  |c SK 
245 0 0 |a Magyar Album  |n kilencedik kötet  |c szerkeszti: István Dallos 
260 |a [Nitra]  |b Híd  |c [1943?]  |e Nitra  |f Andrej, fil. 
300 |a 73 s.  |c 23 cm 
650 0 7 |a maďarská literatúra  |2 SNKPH  |9 1193 
655 7 |a antológie  |2 SNKPH  |9 70414 
700 1 |a Dalloš, Štefan,  |d 1901-1972  |4 edt  |9 190311 
852 |a Slovenská národná knižnica 
958 |a LX 
958 |a HU 
958 |a OND 
999 |c 650337  |d 652267 
952 |a SNK  |b SNK  |y VYP  |7 0  |p 17A0755614  |o snkSC 3130/9 D1  |i snkK 104/64  |8 3  |0 0  |1 0  |4 0  |d 2024-05-13  |l 0  |r 2026-02-23 18:20:33  |w 2026-02-23 
952 |a SNK  |b SNK  |y PREZ  |7 0  |p 17A0755550  |o snkSC 3130/9  |i snk1643/44  |0 0  |1 0  |4 0  |d 2018-08-06  |f 1  |l 0  |r 2025-06-25 00:00:00  |w 2026-02-23